Skills for productivity vocational education and training in developing countries (Record no. 579583)

000 -LEADER
fixed length control field 00497nam a22001697a 4500
003 - CONTROL NUMBER IDENTIFIER
control field CEME
005 - DATE AND TIME OF LATEST TRANSACTION
control field 20210628205120.0
008 - FIXED-LENGTH DATA ELEMENTS--GENERAL INFORMATION
fixed length control field 210226b xxu||||| |||| 00| 0 eng d
020 ## - INTERNATIONAL STANDARD BOOK NUMBER
International Standard Book Number 0-19-520887-0
040 ## - CATALOGING SOURCE
Transcribing agency .
082 ## - DEWEY DECIMAL CLASSIFICATION NUMBER
Classification number 658 MID'S
100 ## - MAIN ENTRY--PERSONAL NAME
Personal name Middleton, J Adams, Arvil Van Ziderman, A
9 (RLIN) 73992
245 ## - TITLE STATEMENT
Title Skills for productivity vocational education and training in developing countries
260 ## - PUBLICATION, DISTRIBUTION, ETC.
Place of publication, distribution, etc. OXFORD
Name of publisher, distributor, etc. OXFORD UNIVERSITY PRESS
Date of publication, distribution, etc. 1993
300 ## - PHYSICAL DESCRIPTION
Extent XIX, 353P
942 ## - ADDED ENTRY ELEMENTS (KOHA)
Koha item type Book
Source of classification or shelving scheme
Holdings
Withdrawn status Lost status Damaged status Not for loan Permanent Location Current Location Shelving location Date acquired Total Checkouts Full call number Barcode Date last seen Price effective from Koha item type
        College of Electrical & Mechanical Engineering (CEME) College of Electrical & Mechanical Engineering (CEME) General Stacks 04/28/2017   658 MID'S CEME-30476 06/28/2021 06/28/2021 Book
© 2023 Central Library, National University of Sciences and Technology. All Rights Reserved.